1er. Encuentro Nacional de Educación Indígena (Record no. 202048)

MARC details
000 -CABECERA
campo de control de longitud fija 00820cam a2200229 u 4500
003 - IDENTIFICADOR DEL NÚMERO DE CONTROL
campo de control MX-MxUPN
005 - FECHA Y HORA DE LA ÚLTIMA TRANSACCIÓN
campo de control 20250821121258.0
008 - ELEMENTOS DE LONGITUD FIJA--INFORMACIÓN GENERAL
campo de control de longitud fija 190402s1994 fr 100 0 spa d
035 ## - NÚMERO DE CONTROL DEL SISTEMA
Número de control de sistema UPN01000229953
040 ## - FUENTE DE LA CATALOGACIÓN
Centro catalogador/agencia de origen MX-MxUPN
Lengua de catalogación spa
050 #4 - SIGNATURA TOPOGRÁFICA DE LA BIBLIOTECA DEL CONGRESO
Número de clasificación F1219.3 E3
Número de documento/Ítem E53 1994
111 2# - ASIENTO PRINCIPAL--NOMBRE DE REUNION
9 (RLIN) 50020
Nombre de congreso/reunión o jurisdicción como elemento de entrada Encuentro nacional de educación indígena
Número del congreso/reunión o número de parte o sección (1° :
Fecha del congreso/reunión 1994 :
Sede del congreso/Lugar de la reunión México, D.F.)
245 10 - MENCIÓN DE TÍTULO
Título 1er. Encuentro Nacional de Educación Indígena
260 ## - PUBLICACIÓN, DISTRIBUCIÓN, ETC.
Lugar de publicación, distribución, etc. México :
Nombre del editor, distribuidor, etc. Sindicato Nacional de Trabajadores de la Educación,
Fecha de publicación, distribución, etc. 1995
300 ## - DESCRIPCIÓN FÍSICA
Extensión 219 páginas
650 #4 - ASIENTO SECUNDARIO DE MATERIA - TERMINO TEMATICO
9 (RLIN) 50021
Término de materia o nombre geográfico como elemento de entrada Indígenas de México
Subdivisión general Educación
Subdivisión de forma Congresos
710 2# - ASIENTO SECUNDARIO - NOMBRE CORPORATIVO
Nombre de entidad corporativa o nombre de jurisdicción como elemento de entrada Sindicato Nacional de Trabajadores de la Educación (México)
Término indicativo de función/relación edición
9 (RLIN) 30014
902 ## - ELEMENTOS DE DATOS B LOCAL, LDB (RLIN)
Modificó VíctorGodínez/190923
905 ## - TIPO DE MATERIAL
Tipo de material Libro
942 ## - ELEMENTOS DE PUNTO DE ACCESO ADICIONAL (KOHA)
Fuente del sistema de clasificación o colocación Library of Congress Classification
Tipo de ítem Koha Libro
Holdings
Estado de retiro Estado de pérdida Fuente del sistema de clasificación o colocación Estado dañado No para préstamo Código de colección Localización permanente Ubicación/localización actual Ubicación en estantería Fecha de adquisición Clasificación Código de barras Fecha visto por última vez Tipo de ítem Koha
    Library of Congress Classification     Colección General Bib. Gregorio Torres Quintero Bib. Gregorio Torres Quintero Planta baja 19/09/2023 F1219.3 E3 E53 1994 330703 31/12/2020 Libro